April Birthdays - Statistics

General Stats
  • This quiz has been taken 156 times
    7 since last reset
  • The average score is 20 of 30
Answer Stats
# Hint Person % Correct
21 The longest-reigning monarch in British history. Queen Elizabeth II
100%
13 Third President of the United States and writer of the Declaration of Independence. Thomas Jefferson
100%
20 Chancellor of Germany from 1933-1945; leader of the Nazi party. Adolf Hitler
83%
12 American late night talk show host with a large beard. David Letterman
83%
3 Comedian and actor who has starred in Beverly Hills Cop, Shrek, and Dreamgirls. Eddie Murphy
83%
22 Starred in The Shining, Batman, The Departed, and One Flew Over the Cuckoo's Nest. Jack Nicholson
83%
18 She took Miami with Khloé and New York with Kim. Kourtney Kardashian
83%
15 Renaissance artist and painter of the Mona Lisa and the Last Supper. Leonardo da Vinci
83%
2 R&B soul artist with hits like "Let's Get It On" and "Sexual Healing." Marvin Gaye
83%
4 African-American poet and author. Her biography is called I Know Why the Caged Bird Sings. Maya Angelou
83%
23 Child actress who later grew up to become a United States Ambassador. Shirley Temple
83%
25 Starred in The Godfather, Scarface, Scent of a Woman, and (of all things) Jack and Jill. Al Pacino
67%
26 Starred in Magic Mike, 21 Jump Street, She's The Man, and Foxcatcher. Channing Tatum
67%
1 Star of Singin' in the Rain and mother of Carrie Fisher. Debbie Reynolds
67%
30 Israeli actress known for playing Wonder Woman in the DC Extended Universe. Gal Gadot
67%
28 Author of To Kill a Mockingbird, and its sequel Go Set a Watchman. Harper Lee
67%
7 Chinese-American actor who starred in Rush Hour, and Drunken Master. Jackie Chan
67%
10 NFL coach and commentator who has a series of sports games named after him. John Madden
67%
9 Actress who portrayed Bella Swan from the Twilight series. Kristen Stewart
67%
6 Comedic actor who starred in Anchorman, Ant-Man, and I Love You, Man. Paul Rudd
67%
27 18th United States President who was also the commanding general of the Union army at the end of the Civil War. Ulysses S. Grant
67%
24 Singing icon who won 10 Grammy awards, and won an Oscar for her performance in the film Funny Girl. Barbra Streisand
50%
5 Actress who starred in All About Eve and was famously rivals with Joan Crawford. Bette Davis
50%
16 Comedic silent film icon who gained world fame for portraying The Tramp. Charlie Chaplin
50%
11 English surgeon who was the first to describe Parkinson's disease. James Parkinson
50%
14 Most famous for playing Buffy on the TV series Buffy the Vampire Slayer. Sarah Michelle Gellar
50%
29 This red-headed stranger can't wait to get on the road again. Willie Nelson
50%
19 Known for playing Anakin Skywalker in the Star Wars prequels. Hayden Christensen
33%
8 Ghanaian diplomat who served as the seventh Secretary-General of the United Nations. Kofi Annan
33%
17 Has died in Game of Thrones, GoldenEye, and The Lord of the Rings. Sean Bean
33%
No matching quizzes found
Score Distribution
Percent of People with Each Score
Percentile by Number Answered
Your Score History
You have not taken this quiz since the last reset